| 000 | 00692nam a22001697a 4500 | ||
|---|---|---|---|
| 005 | 20250214141433.0 | ||
| 008 | 250214b |||||||| |||| 00| 0 eng d | ||
| 082 |
_22023 _aUT |
||
| 100 |
_aAdap, Juwairia O. _965295 |
||
| 245 |
_aImplication of reading skills proficiency: An in-depth perception of first-year college students of UM Digos College _cJuwairia O. Adap, John Julius Enon, and Jose Bartolome D. Villar |
||
| 260 |
_aDigos City : _bUMDC, _câ’¸November 2023. |
||
| 300 |
_avii, 62 pages : _billustration (some colors) _c29 cm. |
||
| 500 | _aIncludes references and appendices. | ||
| 700 |
_aEnon, John Julius _965296 |
||
| 700 |
_aVillar, Jose Bartolome D. _965297 |
||
| 942 |
_2ddc _cUT |
||
| 999 |
_c23453 _d23453 |
||